effet de la fertigation d'engrais chimiion experque et biologique par irrigation goutte a goutte sur bok choy a la station experimentale de l'universite royale d'agriculture (ឥទ្ធិពលនៃការស្រោចស្រពជីគីមី និង ជីអីអឹមកាត់តាមប្រព័ន្ធស្រោចស្រពដោយដំណក់ក្នុងស្ថានីយ៍ពិសោធន៍ដំណាំសាកលវិទ្យាល័យភូមិន្ទកសិកម្ម) (Record no. 1459)

000 -LEADER
fixed length control field 00898nam a22001337a 4500
040 ## - CATALOGING SOURCE
Transcribing agency RUA
082 ## - DEWEY DECIMAL CLASSIFICATION NUMBER
Classification number AGR KOE 2010 B064 Or.1
100 ## - MAIN ENTRY--AUTHOR NAME
Personal name KOEURNG, NARITH.
245 ## - TITLE STATEMENT
Title effet de la fertigation d'engrais chimiion experque et biologique par irrigation goutte a goutte sur bok choy a la station experimentale de l'universite royale d'agriculture (ឥទ្ធិពលនៃការស្រោចស្រពជីគីមី និង ជីអីអឹមកាត់តាមប្រព័ន្ធស្រោចស្រពដោយដំណក់ក្នុងស្ថានីយ៍ពិសោធន៍ដំណាំសាកលវិទ្យាល័យភូមិន្ទកសិកម្ម)
260 ## - PUBLICATION, DISTRIBUTION, ETC. (IMPRINT)
Place of publication Phnom Penh
Name of publisher RUA
Year of publication 2010
300 ## - PHYSICAL DESCRIPTION
Number of Pages ix, 44p.
Other physical details ill.
Dimensions 29cm.
856 ## - ELECTRONIC LOCATION AND ACCESS
Uniform Resource Identifier https://drive.google.com/file/d/1wV7bidalz6Gh0uJxfcxC_yO3hV4QEHIh/view?usp=sharing
942 ## - ADDED ENTRY ELEMENTS (KOHA)
Koha item type AGR
952 ## - LOCATION AND ITEM INFORMATION (KOHA)
Withdrawn status [LOCAL, KOHA] 0
952 ## - LOCATION AND ITEM INFORMATION (KOHA)
Withdrawn status [LOCAL, KOHA] 0
952 ## - LOCATION AND ITEM INFORMATION (KOHA)
Withdrawn status [LOCAL, KOHA] 0
952 ## - LOCATION AND ITEM INFORMATION (KOHA)
Withdrawn status [LOCAL, KOHA] 0
952 ## - LOCATION AND ITEM INFORMATION (KOHA)
Withdrawn status [LOCAL, KOHA] 0
952 ## - LOCATION AND ITEM INFORMATION (KOHA)
Withdrawn status [LOCAL, KOHA] 0
952 ## - LOCATION AND ITEM INFORMATION (KOHA)
Withdrawn status [LOCAL, KOHA] 0
952 ## - LOCATION AND ITEM INFORMATION (KOHA)
Withdrawn status [LOCAL, KOHA] 0
952 ## - LOCATION AND ITEM INFORMATION (KOHA)
Withdrawn status [LOCAL, KOHA] 0
Holdings
Permanent Location Date acquired Koha item type Lost status Shelving location Barcode Current Location Full call number
Library Block B2015-09-29AGR B064RUA009936Library Block BAGR KOE 2010 B064 Or.1
Library Block B2015-09-29AGR B064RUA017945Library Block BAGR KOE 2010 B064 Or.2
Library Block B2015-09-29AGR B064RUA017873Library Block BAGR KOE 2010 B064 Or.3
Library Block B2015-09-29AGR B064RUA001973Library Block BAGR KOE 2010 B064 Or.4
Library Block B2015-09-29AGR B064RUA001911Library Block BAGR KOE 2010 B064 Or.5
Library Block B2015-09-29AGR B064RUA001905Library Block BAGR KOE 2010 B064 Or.6
Library Block B2015-09-29AGR B064RUA001983Library Block BAGR KOE 2010 B064 Or.7
Library Block B2015-09-29AGR B064RUA001770Library Block BAGR KOE 2010 B064 Or.8
Library Block B2018-12-21AGR B1.194A41861Library Block BAGR KOE 2010 B1.194 Or.1
មជ្ឈមណ្ឌលឯការនៃសាកលវិទ្យាល័យភូមិន្ទកសិកម្មចំការដូង

Powered by Koha